[Event "Barbera del Valles op 36th"]
[Site "Barbera del Valles"]
[Date "2013.07.04"]
[Round "1"]
[White "Ortiz Suarez, Isan Reynaldo"]
[Black "Arjun, Bharat"]
[Result "1-0"]
[WhiteElo "2612"]
[BlackElo "2298"]
[PlyCount "81"]
[EventDate "2013.07.04"]
[EventType "swiss"]
[EventRounds "9"]
[EventCountry "ESP"]
[SourceTitle "CBM 155 Extra"]
[Source "ChessBase"]
[SourceDate "2013.08.26"]
[SourceVersion "1"]
[SourceVersionDate "2013.08.26"]
[SourceQuality "1"]

1. d4 d5 2. c4 c6 3. Nc3 Nf6 4. e3 Bf5 5. cxd5 cxd5 6. Qb3 Nc6 7. Qxb7 Bd7 8. Qb3 Rb8 9. Qd1 e5 10. Nf3 Bd6 11. dxe5 Nxe5 12. Be2 0-0 13. 0-0 Rb6 14. Nd4 Bb8 15. Na4 Bxa4 16. Qxa4 Ne4 17. f4 Nd7 18. Bf3 Rh6 19. Nf5 Rf6 20. Bxe4 Nc5 21. Qb4 Na6 22. Qb7 dxe4 23. Qxe4 Re8 24. Qc4 Rxf5 25. Qxa6 Rd5 26. a4 Bc7 27. Qxa7 Bb6 28. Qa6 Rd1 29. Ra3 Re4 30. Rxd1 Qxd1+ 31. Qf1 Qc2 32. a5 Rxf4 33. Qxf4 Qxc1+ 34. Qf1 Bxe3+ 35. Rxe3 Qxe3+ 36. Kh1 Qa7 37. b4 h5 38. a6 g6 39. b5 Qb6 40. Qa1 Qa7 41. b6 1-0

[Event "Koge Niels Juel Cup"]
[Site "Koge"]
[Date "2013.04.23"]
[Round "5"]
[White "Arjun, Bharat"]
[Black "Satyapragyan, Swayangsu"]
[Result "1/2-1/2"]
[WhiteElo "2281"]
[BlackElo "2463"]
[PlyCount "38"]
[EventDate "2013.04.20"]
[EventType "swiss"]
[EventRounds "10"]
[EventCountry "DEN"]
[SourceTitle "CBM 154 Extra"]
[Source "ChessBase"]
[SourceDate "2013.06.25"]
[SourceVersion "2"]
[SourceVersionDate "2013.06.25"]
[SourceQuality "1"]

1. d4 Nf6 2. c4 e6 3. g3 c5 4. d5 exd5 5. cxd5 b5 6. e4 Bb7 7. Nd2 c4 8. Bg2 Bc5 9. Ngf3 0-0 10. 0-0 d6 11. a4 a6 12. axb5 axb5 13. Rxa8 Bxa8 14. Qc2 Qb6 15. Nh4 Na6 16. Nf5 Re8 17. Qc3 Nb4 18. Nb1 Nd3 19. Be3 Ne5 1/2-1/2

[Event "Koge Niels Juel Cup"]
[Site "Koge"]
[Date "2013.04.22"]
[Round "4"]
[White "Arjun, Bharat"]
[Black "Danin, Alexandre"]
[Result "0-1"]
[WhiteElo "2281"]
[BlackElo "2575"]
[PlyCount "122"]
[EventDate "2013.04.20"]
[EventType "swiss"]
[EventRounds "10"]
[EventCountry "DEN"]
[SourceTitle "CBM 154 Extra"]
[Source "ChessBase"]
[SourceDate "2013.06.25"]
[SourceVersion "2"]
[SourceVersionDate "2013.06.25"]
[SourceQuality "1"]

1. d4 Nf6 2. c4 g6 3. Nc3 d5 4. cxd5 Nxd5 5. e4 Nxc3 6. bxc3 Bg7 7. Nf3 c5 8. Be3 0-0 9. Rc1 Qa5 10. Qd2 Rd8 11. Be2 cxd4 12. cxd4 Qxd2+ 13. Kxd2 Nc6 14. Rc4 Bg4 15. d5 e6 16. Kc1 exd5 17. exd5 Ne5 18. Rc2 Bf5 19. Rc5 b6 20. Nxe5 Bxe5 21. Rc4 Rac8 22. Rxc8 Rxc8+ 23. Kd1 Be4 24. Bf3 Bxf3+ 25. gxf3 Rd8 26. Ke2 Rxd5 27. Rc1 Kg7 28. f4 Bf6 29. Kf3 Ra5 30. Rc2 Ra4 31. Bc1 Bd4 32. Rd2 Bf6 33. Rc2 Bd4 34. Rd2 Rc4 35. Rxd4 Rxc1 36. Rd7 Rc3+ 37. Kg2 Ra3 38. Rd2 b5 39. f3 b4 40. Kg3 a5 41. h4 a4 42. Rd4 Rxa2 43. Rxb4 Ra1 44. Rb6 a3 45. Ra6 a2 46. Kg2 f5 47. Kh2 Kf7 48. Kg2 Ke7 49. Kh2 Kd7 50. Kg2 Kc7 51. Kh2 Kb7 52. Ra3 Kb6 53. Kg2 Kb5 54. Ra8 Kb4 55. Rb8+ Kc3 56. Ra8 Rd1 57. Rxa2 Rd2+ 58. Rxd2 Kxd2 59. Kh2 Ke2 60. Kg2 h5 61. Kg3 Kf1 0-1

[Event "Al Ain op 1st"]
[Site "Al Ain"]
[Date "2012.12.28"]
[Round "8"]
[White "Lodhi, Mahmood"]
[Black "Arjun, Bharat"]
[Result "1-0"]
[WhiteElo "2353"]
[BlackElo "2295"]
[PlyCount "95"]
[EventDate "2012.12.22"]
[EventType "swiss"]
[EventRounds "9"]
[EventCountry "UAE"]
[SourceTitle "CBM 152 Extra"]
[Source "ChessBase"]
[SourceDate "2013.02.25"]
[SourceVersion "1"]
[SourceVersionDate "2013.02.25"]
[SourceQuality "1"]

1. d4 d5 2. Nf3 Nf6 3. g3 g6 4. Bg2 Bg7 5. 0-0 0-0 6. c4 c6 7. b3 dxc4 8. bxc4 c5 9. e3 Nc6 10. Bb2 cxd4 11. exd4 Bg4 12. Nbd2 Rc8 13. Nb3 Nd7 14. Qd2 Nb6 15. Rac1 Nb8 16. Na5 Qd7 17. Rfe1 Nc6 18. Nxc6 bxc6 19. Ne5 Bxe5 20. Rxe5 Be6 21. Qe2 Rb8 22. d5 cxd5 23. cxd5 Nxd5 24. Rd1 Rb5 25. a4 Ra5 26. Rexd5 Bxd5 27. Qe5 f6 28. Rxd5 Rxd5 29. Bxd5+ Kh8 30. Qe4 e5 31. Kg2 Rd8 32. Bc4 Kg7 33. Bb5 Qc7 34. Ba3 h5 35. h4 Rd4 36. Qa8 Rd8 37. Qf3 Rd2 38. Bb4 Rd4 39. Bc3 Rd8 40. Bf1 Rb8 41. Bd2 Rb1 42. a5 Qd6 43. Be3 Qb4 44. a6 Qb3 45. Bd3 Ra1 46. Qb7+ Qf7 47. Bh6+ Kg8 48. Bc4 1-0

[Event "Al Ain op 1st"]
[Site "Al Ain"]
[Date "2012.12.27"]
[Round "6"]
[White "Darini, Pouria"]
[Black "Arjun, Bharat"]
[Result "1-0"]
[WhiteElo "2522"]
[BlackElo "2295"]
[PlyCount "55"]
[EventDate "2012.12.22"]
[EventType "swiss"]
[EventRounds "9"]
[EventCountry "UAE"]
[SourceTitle "CBM 152 Extra"]
[Source "ChessBase"]
[SourceDate "2013.02.25"]
[SourceVersion "1"]
[SourceVersionDate "2013.02.25"]
[SourceQuality "1"]

1. e4 c5 2. Nf3 d6 3. d4 cxd4 4. Nxd4 Nf6 5. Nc3 g6 6. Be3 Bg7 7. f3 Nc6 8. Qd2 0-0 9. Bc4 Nxd4 10. Bxd4 Be6 11. Bb3 Qa5 12. 0-0 Rfc8 13. Rad1 Nd7 14. Bxg7 Kxg7 15. f4 Qc5+ 16. Kh1 Bxb3 17. axb3 Nf6 18. Qe1 e6 19. e5 dxe5 20. fxe5 Ng4 21. Qh4 h5 22. h3 Rh8 23. Rde1 Rad8 24. Ne4 Qb6 25. Qe7 Rdf8 26. Ng5 Nh6 27. Rf6 Nf5 28. Rxg6+ 1-0

[Event "Al Ain op 1st"]
[Site "Al Ain"]
[Date "2012.12.26"]
[Round "5"]
[White "Arjun, Bharat"]
[Black "Hungaski, Robert Andrew"]
[Result "0-1"]
[WhiteElo "2295"]
[BlackElo "2469"]
[PlyCount "78"]
[EventDate "2012.12.22"]
[EventType "swiss"]
[EventRounds "9"]
[EventCountry "UAE"]
[SourceTitle "CBM 152 Extra"]
[Source "ChessBase"]
[SourceDate "2013.02.25"]
[SourceVersion "1"]
[SourceVersionDate "2013.02.25"]
[SourceQuality "1"]

1. Nf3 c5 2. c4 Nc6 3. g3 g6 4. Bg2 Bg7 5. Nc3 e6 6. d3 Nge7 7. Bg5 h6 8. Bd2 0-0 9. Rb1 d5 10. a3 a5 11. 0-0 b6 12. Nb5 e5 13. Ne1 Be6 14. b3 Qd7 15. Nc2 Rac8 16. Ne3 d4 17. Nc2 Bh3 18. b4 Bxg2 19. Kxg2 axb4 20. axb4 f5 21. bxc5 bxc5 22. Qc1 f4 23. Qa3 Nd8 24. Qa7 Qe6 25. f3 Nf7 26. Nc7 Qd6 27. Nb5 Qf6 28. Ra1 Rc6 29. Nc7 h5 30. Nd5 Nxd5 31. cxd5 Rcc8 32. Ra6 Qf5 33. Na3 Ng5 34. Be1 fxg3 35. hxg3 e4 36. dxe4 Qh3+ 37. Kg1 Rf7 38. Qb6 d3 39. exd3 Bd4+ 0-1

[Event "Fujairah Masters op"]
[Site "Fujairah"]
[Date "2012.11.16"]
[Round "4"]
[White "Arjun, Bharat"]
[Black "Chulivska, Vita"]
[Result "1-0"]
[WhiteElo "2287"]
[BlackElo "2248"]
[PlyCount "75"]
[EventDate "2012.11.13"]
[EventType "swiss"]
[EventRounds "9"]
[EventCountry "UAE"]
[SourceTitle "CBM 151 Extra"]
[Source "ChessBase"]
[SourceDate "2012.12.18"]
[SourceVersion "1"]
[SourceVersionDate "2012.12.18"]
[SourceQuality "1"]

1. Nf3 c5 2. c4 Nc6 3. g3 e5 4. Nc3 d6 5. Bg2 g6 6. 0-0 Bg7 7. a3 Nge7 8. b4 cxb4 9. axb4 Nxb4 10. Ba3 Nbc6 11. Ne4 0-0 12. Nxd6 a6 13. Rb1 Qc7 14. Ng5 Rb8 15. c5 h6 16. Nxc8 Rfxc8 17. Ne4 b5 18. cxb6 Rxb6 19. Qa4 Rd8 20. Bc5 Rxb1 21. Rxb1 a5 22. Bb6 Qb8 23. Nc3 Rc8 24. Bxa5 Qd6 25. Nb5 Qc5 26. Bc3 Nd5 27. Bb2 Nb6 28. Qb3 Na5 29. Qa2 Qxb5 30. Bc3 Qxe2 31. Qxa5 Nd7 32. Bh3 Qd3 33. Rb7 Rb8 34. Rxb8+ Nxb8 35. Qb6 Nd7 36. Qd8+ Kh7 37. Qxd7 Qb1+ 38. Bf1 1-0

[Event "Kecskemet Caissa IM 10"]
[Site "Kecskemet"]
[Date "2012.10.28"]
[Round "9"]
[White "Arjun, Bharat"]
[Black "Csala, Imre"]
[Result "1-0"]
[WhiteElo "2293"]
[BlackElo "2198"]
[PlyCount "65"]
[EventDate "2012.10.20"]
[EventType "tourn"]
[EventRounds "9"]
[EventCountry "HUN"]
[EventCategory "3"]
[SourceTitle "EXT 2013"]
[Source "ChessBase"]
[SourceDate "2012.11.22"]
[SourceVersion "1"]
[SourceVersionDate "2012.11.22"]
[SourceQuality "1"]

1. Nf3 g6 2. c4 Bg7 3. Nc3 d6 4. d4 Nc6 5. e4 Bg4 6. Be3 e5 7. d5 Nd4 8. Be2 Nxe2 9. Qxe2 f5 10. h3 Bxf3 11. Qxf3 Ne7 12. Qe2 0-0 13. f3 Kh8 14. 0-0-0 Ng8 15. Qd2 a6 16. Kb1 b6 17. g4 Qd7 18. Ka1 Rf7 19. gxf5 gxf5 20. exf5 Qxf5 21. Ne4 h6 22. Ng3 Qg6 23. Rdg1 Rxf3 24. Nf1 Qh7 25. Nh2 Rxh3 26. Rg2 Rf8 27. Rhg1 Rf7 28. Ng4 Qe4 29. Qc1 b5 30. c5 h5 31. Nh6 Nxh6 32. Bxh6 Bf6 33. cxd6 1-0

[Event "Kecskemet Caissa IM 10"]
[Site "Kecskemet"]
[Date "2012.10.27"]
[Round "8"]
[White "Hou, Qiang"]
[Black "Arjun, Bharat"]
[Result "1/2-1/2"]
[WhiteElo "2339"]
[BlackElo "2293"]
[PlyCount "50"]
[EventDate "2012.10.20"]
[EventType "tourn"]
[EventRounds "9"]
[EventCountry "HUN"]
[EventCategory "3"]
[SourceTitle "EXT 2013"]
[Source "ChessBase"]
[SourceDate "2012.11.22"]
[SourceVersion "1"]
[SourceVersionDate "2012.11.22"]
[SourceQuality "1"]

1. e4 c5 2. Nf3 d6 3. Bb5+ Bd7 4. Bxd7+ Qxd7 5. c4 Nc6 6. Nc3 g6 7. d4 cxd4 8. Nxd4 Bg7 9. Be3 Nf6 10. f3 0-0 11. 0-0 a6 12. Rc1 Nxd4 13. Bxd4 b5 14. cxb5 axb5 15. b4 Rfc8 16. Qe2 Rab8 17. Rfd1 Rc4 18. e5 Ne8 19. a4 Qe6 20. axb5 Bxe5 21. Bxe5 dxe5 22. Ne4 Qb6+ 23. Nc5 Rxb4 24. Qxe5 Rxb5 25. Qxe7 Rc8 1/2-1/2

[Event "Hong Kong-ch op"]
[Site "Hong Kong"]
[Date "2012.10.02"]
[Round "9"]
[White "Senador, Emmanuel"]
[Black "Arjun, Bharat"]
[Result "1-0"]
[WhiteElo "2367"]
[BlackElo "2293"]
[PlyCount "51"]
[EventDate "2012.09.28"]
[EventType "swiss"]
[EventRounds "9"]
[EventCountry "HKG"]
[SourceTitle "EXT 2024"]
[Source "ChessBase"]
[SourceDate "2023.10.10"]
[SourceVersion "1"]
[SourceVersionDate "2023.10.10"]
[SourceQuality "1"]

1. e4 c5 2. d4 cxd4 3. c3 Nf6 4. e5 Nd5 5. cxd4 d6 6. Nf3 e6 7. Nc3 Nc6 8. Bd3 Be7 9. Qe2 0-0 10. 0-0 Bd7 11. Qe4 f5 12. exf6 Nxf6 13. Qh4 h6 14. Qg3 Kh8 15. Re1 Qa5 16. d5 Nb4 17. Nh4 Nxd3 18. Ng6+ Kg8 19. Qxd3 Nxd5 20. Bxh6 Nxc3 21. Nxe7+ Kf7 22. Qg6+ Kxe7 23. Qxg7+ Rf7 24. Bg5+ Ke8 25. Qg8+ Rf8 26. Rxe6+ 1-0

[Event "Hong Kong-ch op"]
[Site "Hong Kong"]
[Date "2012.10.02"]
[Round "8"]
[White "Xu, Jialun"]
[Black "Arjun, Bharat"]
[Result "1/2-1/2"]
[WhiteElo "2150"]
[BlackElo "2293"]
[PlyCount "59"]
[EventDate "2012.09.28"]
[EventType "swiss"]
[EventRounds "9"]
[EventCountry "HKG"]
[SourceTitle "EXT 2024"]
[Source "ChessBase"]
[SourceDate "2023.10.10"]
[SourceVersion "1"]
[SourceVersionDate "2023.10.10"]
[SourceQuality "1"]

1. e4 c6 2. d4 d5 3. Nd2 dxe4 4. Nxe4 Bf5 5. Ng3 Bg6 6. N1e2 Nf6 7. Nf4 e5 8. Nxg6 hxg6 9. dxe5 Qxd1+ 10. Kxd1 Ng4 11. Ne4 Nxe5 12. Bf4 Nbd7 13. c3 0-0-0 14. Kc2 f6 15. Be2 g5 16. Bg3 Be7 17. f4 gxf4 18. Bxf4 Rdf8 19. Raf1 Rh4 20. g3 Rhh8 21. h4 Nc5 22. Bxe5 fxe5 23. Bg4+ Kc7 24. Nxc5 Bxc5 25. Bf5 Rh6 26. h5 Rd6 27. g4 Be3 28. Rd1 Rfd8 29. Rxd6 Rxd6 30. Rd1 1/2-1/2

[Event "Hong Kong-ch op"]
[Site "Hong Kong"]
[Date "2012.09.30"]
[Round "4"]
[White "Arjun, Bharat"]
[Black "Llaneza Vega, Marcos"]
[Result "1-0"]
[WhiteElo "2293"]
[BlackElo "2428"]
[PlyCount "75"]
[EventDate "2012.09.28"]
[EventType "swiss"]
[EventRounds "9"]
[EventCountry "HKG"]
[SourceTitle "EXT 2024"]
[Source "ChessBase"]
[SourceDate "2023.10.10"]
[SourceVersion "1"]
[SourceVersionDate "2023.10.10"]
[SourceQuality "1"]

1. Nf3 c5 2. c4 Nc6 3. g3 g6 4. Bg2 Bg7 5. Nc3 Nh6 6. d4 cxd4 7. Bxh6 Bxh6 8. Nxd4 0-0 9. 0-0 Bg7 10. e3 d6 11. b3 Bd7 12. Rc1 Rc8 13. Qd2 Qa5 14. Rfd1 Rfe8 15. Nde2 Qh5 16. Nf4 Qh6 17. h4 Ne5 18. Bxb7 Bg4 19. Kg2 Rb8 20. Be4 Bxd1 21. Rxd1 Ng4 22. Bf3 Bxc3 23. Qxc3 Ne5 24. Be4 Qg7 25. Qa5 Ng4 26. Bf3 Ne5 27. Be4 Ng4 28. Bf3 f5 29. Bc6 e5 30. Qd5+ Kh8 31. Ne6 Qf6 32. Bxe8 f4 33. Qxd6 Rxe8 34. Nc7 Qf5 35. Nxe8 fxe3 36. Qe7 Qe4+ 37. Kh3 Nxf2+ 38. Kh2 1-0

[Event "Hong Kong-ch op"]
[Site "Hong Kong"]
[Date "2012.09.30"]
[Round "5"]
[White "Arjun, Bharat"]
[Black "Zhou, Yang Fan"]
[Result "1/2-1/2"]
[WhiteElo "2293"]
[BlackElo "2414"]
[PlyCount "20"]
[EventDate "2012.09.28"]
[EventType "swiss"]
[EventRounds "9"]
[EventCountry "HKG"]
[SourceTitle "EXT 2024"]
[Source "ChessBase"]
[SourceDate "2023.10.10"]
[SourceVersion "1"]
[SourceVersionDate "2023.10.10"]
[SourceQuality "1"]

1. Nf3 Nf6 2. c4 g6 3. Nc3 Bg7 4. e4 d6 5. d4 0-0 6. Be2 Nbd7 7. 0-0 e5 8. Be3 Re8 9. Qc2 exd4 10. Nxd4 c6 1/2-1/2

[Event "Hong Kong-ch op"]
[Site "Hong Kong"]
[Date "2012.09.29"]
[Round "3"]
[White "Law, Mark"]
[Black "Arjun, Bharat"]
[Result "0-1"]
[WhiteElo "1786"]
[BlackElo "2293"]
[PlyCount "50"]
[EventDate "2012.09.28"]
[EventType "swiss"]
[EventRounds "9"]
[EventCountry "HKG"]
[SourceTitle "EXT 2024"]
[Source "ChessBase"]
[SourceDate "2023.10.10"]
[SourceVersion "1"]
[SourceVersionDate "2023.10.10"]
[SourceQuality "1"]

1. d4 d5 2. c4 c6 3. cxd5 cxd5 4. Nc3 Nc6 5. Nf3 Nf6 6. Bf4 Nh5 7. Be5 f6 8. Bg3 Nxg3 9. hxg3 e6 10. e3 Be7 11. Bd3 f5 12. a3 0-0 13. Ne5 Nxe5 14. dxe5 g6 15. Nb5 Bd7 16. Nd4 Bc5 17. g4 f4 18. Qc2 Rc8 19. Qb3 fxe3 20. fxe3 Qg5 21. Qxb7 Qxe3+ 22. Be2 Qf2+ 23. Kd1 Qxd4+ 24. Ke1 Bxa3 25. Qxd7 Bb4# 0-1

[Event "Vlissingen HZ op 16th"]
[Site "Vlissingen"]
[Date "2012.08.10"]
[Round "8"]
[White "Arjun, Bharat"]
[Black "Van Eijk, Sander"]
[Result "1-0"]
[WhiteElo "2261"]
[BlackElo "2441"]
[PlyCount "59"]
[EventDate "2012.08.04"]
[EventType "swiss"]
[EventRounds "9"]
[EventCountry "NED"]
[SourceTitle "CBM 149 Extra"]
[Source "ChessBase"]
[SourceDate "2012.08.24"]
[SourceVersion "1"]
[SourceVersionDate "2012.08.24"]
[SourceQuality "1"]

1. Nf3 c5 2. c4 Nc6 3. g3 g6 4. Bg2 Bg7 5. 0-0 e5 6. Nc3 Nge7 7. a3 0-0 8. Rb1 a5 9. Ne1 d6 10. Nc2 Be6 11. Ne3 f5 12. d3 f4 13. Ned5 Bh6 14. e3 fxe3 15. Bxe3 Bxe3 16. fxe3 Rb8 17. Qd2 Rf7 18. Rxf7 Bxf7 19. Rf1 Be6 20. Rf6 Nxd5 21. Nxd5 Bf5 22. e4 Bc8 23. Qh6 Ne7 24. Qg5 Nc6 25. h4 Bd7 26. h5 Be8 27. Qh6 Bf7 28. Rxf7 Kxf7 29. Qxh7+ Ke6 30. Bh3# 1-0

[Event "Vlissingen HZ op 16th"]
[Site "Vlissingen"]
[Date "2012.08.09"]
[Round "7"]
[White "Arjun, Bharat"]
[Black "Bottema, Martin"]
[Result "1-0"]
[WhiteElo "2261"]
[BlackElo "2084"]
[PlyCount "63"]
[EventDate "2012.08.04"]
[EventType "swiss"]
[EventRounds "9"]
[EventCountry "NED"]
[SourceTitle "CBM 149 Extra"]
[Source "ChessBase"]
[SourceDate "2012.08.24"]
[SourceVersion "1"]
[SourceVersionDate "2012.08.24"]
[SourceQuality "1"]

1. Nf3 Nf6 2. c4 e6 3. g3 b6 4. Bg2 Bb7 5. 0-0 Be7 6. Nc3 0-0 7. Re1 d5 8. cxd5 exd5 9. d4 Na6 10. Bf4 c5 11. Rc1 Re8 12. Qa4 cxd4 13. Nxd4 Nc5 14. Qd1 Nfe4 15. Ncb5 Nd6 16. Nxd6 Bxd6 17. Bxd6 Qxd6 18. e3 Rad8 19. Re2 Ba6 20. Rd2 Ne4 21. Rdc2 Rc8 22. Nb5 Qd7 23. Nc7 Rxc7 24. Rxc7 Qe6 25. Bxe4 Qxe4 26. Rxa7 Bb5 27. a4 Bd3 28. Rc3 Bb1 29. Rcc7 Rf8 30. Re7 Qg6 31. Qxd5 Bf5 32. Rxf7 1-0

[Event "Vlissingen HZ op 16th"]
[Site "Vlissingen"]
[Date "2012.08.04"]
[Round "1"]
[White "Arjun, Bharat"]
[Black "Le Clercq, Maxim"]
[Result "1-0"]
[WhiteElo "2261"]
[BlackElo "1843"]
[PlyCount "51"]
[EventDate "2012.08.04"]
[EventType "swiss"]
[EventRounds "9"]
[EventCountry "NED"]
[SourceTitle "CBM 149 Extra"]
[Source "ChessBase"]
[SourceDate "2012.08.24"]
[SourceVersion "1"]
[SourceVersionDate "2012.08.24"]
[SourceQuality "1"]

1. Nf3 f5 2. c4 Nf6 3. d4 e6 4. g3 c6 5. Bg2 d5 6. 0-0 Bd6 7. b3 Qe7 8. Bb2 b6 9. a4 a5 10. Ba3 Bxa3 11. Nxa3 0-0 12. Ne5 Bb7 13. Qc2 Na6 14. Rfc1 Nb4 15. Qb2 Rfc8 16. Nc2 c5 17. Nxb4 cxb4 18. Rc2 Rc7 19. Rac1 Rac8 20. e3 Nd7 21. cxd5 Nxe5 22. dxe6 Qxe6 23. Bxb7 Nd3 24. Bxc8 Nxb2 25. Rxc7 Nd3 26. R1c6 1-0

[Event "Dieren op"]
[Site "Dieren"]
[Date "2012.08.02"]
[Round "9"]
[White "Beerdsen, Thomas"]
[Black "Arjun, Bharat"]
[Result "0-1"]
[WhiteElo "2044"]
[BlackElo "2250"]
[PlyCount "72"]
[EventDate "2012.07.24"]
[EventType "swiss"]
[EventRounds "9"]
[EventCountry "NED"]
[SourceTitle "CBM 149 Extra"]
[Source "ChessBase"]
[SourceDate "2012.08.24"]
[SourceVersion "1"]
[SourceVersionDate "2012.08.24"]
[SourceQuality "1"]

1. e4 c6 2. d4 d5 3. f3 Qb6 4. Nc3 dxe4 5. fxe4 e5 6. Nf3 exd4 7. Nxd4 Bc5 8. Na4 Qa5+ 9. c3 Be7 10. a3 Nf6 11. b4 Qe5 12. Bd3 Bg4 13. Qb3 Bd6 14. Nb2 Qh5 15. Kd2 0-0 16. Nc4 Bc7 17. Kc2 Nbd7 18. h3 b5 19. Ne3 c5 20. Nxb5 Be6 21. c4 Be5 22. Nc3 cxb4 23. axb4 a5 24. Bd2 Bd6 25. Nf5 Bxf5 26. exf5 axb4 27. g4 Rxa1 28. gxh5 Rxh1 29. Ne4 Nxe4 30. Bxe4 Nc5 31. Qe3 b3+ 32. Kb2 Be5+ 33. Ka3 Ra1+ 34. Kb4 Nxe4 35. Kxb3 Nxd2+ 36. Qxd2 Rb1+ 0-1

[Event "Dieren op"]
[Site "Dieren"]
[Date "2012.07.25"]
[Round "2"]
[White "Arjun, Bharat"]
[Black "Schouten, Nico"]
[Result "1-0"]
[WhiteElo "2250"]
[BlackElo "2232"]
[PlyCount "101"]
[EventDate "2012.07.24"]
[EventType "swiss"]
[EventRounds "9"]
[EventCountry "NED"]
[SourceTitle "CBM 149 Extra"]
[Source "ChessBase"]
[SourceDate "2012.08.24"]
[SourceVersion "1"]
[SourceVersionDate "2012.08.24"]
[SourceQuality "1"]

1. Nf3 Nf6 2. c4 g6 3. Nc3 Bg7 4. e4 d6 5. d4 0-0 6. Be2 e5 7. 0-0 exd4 8. Nxd4 Re8 9. f3 c6 10. Be3 d5 11. cxd5 cxd5 12. Qb3 Nc6 13. Rad1 Qe7 14. Bb5 Bd7 15. Nxd5 Nxd5 16. Qxd5 Nxd4 17. Qxd7 Qb4 18. Qxe8+ Rxe8 19. Bxe8 Qxb2 20. Rd3 Kf8 21. Bd7 Be5 22. Rfd1 Nxf3+ 23. gxf3 Qxh2+ 24. Kf1 h5 25. Bf2 h4 26. Bg4 h3 27. Bc5+ Kg7 28. R3d2 Qg3 29. Bg1 Qh4 30. Bh2 Bc3 31. Rc2 Ba5 32. Be5+ f6 33. Bf4 f5 34. Be5+ Kh6 35. exf5 Qe7 36. Bf4+ g5 37. f6 Qb4 38. Bd6 Qb5+ 39. Kg1 Kg6 40. Be7 Qe5 41. Kh1 Bc7 42. Ba3 Bb8 43. Bh5+ Kxh5 44. f7 Qf5 45. f8Q Qxc2 46. Qf7+ Kh4 47. Rd4+ Kg3 48. Rg4+ Kf2 49. Rg1 b6 50. Qe6 Qh7 51. Bb4 1-0

[Event "Amsterdam Science Park op-A 2nd"]
[Site "Amsterdam"]
[Date "2012.07.20"]
[Round "7"]
[White "Schroer, Marcel"]
[Black "Arjun, Bharat"]
[Result "1/2-1/2"]
[WhiteElo "2088"]
[BlackElo "2250"]
[PlyCount "65"]
[EventDate "2012.07.14"]
[EventType "swiss"]
[EventRounds "9"]
[EventCountry "NED"]
[SourceTitle "CBM 149 Extra"]
[Source "ChessBase"]
[SourceDate "2012.08.24"]
[SourceVersion "1"]
[SourceVersionDate "2012.08.24"]
[SourceQuality "1"]

1. d4 d5 2. Nf3 Nf6 3. c4 c6 4. cxd5 cxd5 5. Nc3 Nc6 6. Bf4 a6 7. Rc1 Bf5 8. e3 e6 9. Qb3 Bd6 10. Bxd6 Qxd6 11. Be2 0-0 12. 0-0 b5 13. Qd1 Rfc8 14. Nh4 Bg6 15. Nxg6 hxg6 16. Bd3 Na5 17. Qe2 Nc4 18. b3 Nb6 19. Qb2 Rc7 20. Ne2 Rac8 21. g3 Nbd7 22. Rxc7 Rxc7 23. Rc1 Ne8 24. Kg2 Kf8 25. Rxc7 Nxc7 26. Qc2 Ke7 27. Qc3 Kd8 28. h4 Kc8 29. Nf4 Kb7 30. Be2 Kb6 31. Nd3 a5 32. b4 axb4 33. Nxb4 1/2-1/2

[Event "Amsterdam Science Park op-A 2nd"]
[Site "Amsterdam"]
[Date "2012.07.19"]
[Round "6"]
[White "Arjun, Bharat"]
[Black "Vereggen, Lars"]
[Result "1-0"]
[WhiteElo "2250"]
[BlackElo "2051"]
[PlyCount "165"]
[EventDate "2012.07.14"]
[EventType "swiss"]
[EventRounds "9"]
[EventCountry "NED"]
[SourceTitle "CBM 149 Extra"]
[Source "ChessBase"]
[SourceDate "2012.08.24"]
[SourceVersion "1"]
[SourceVersionDate "2012.08.24"]
[SourceQuality "1"]

1. c4 g6 2. Nf3 Bg7 3. Nc3 d6 4. d4 Nf6 5. e4 Bg4 6. Be2 Bxf3 7. Bxf3 Nbd7 8. Be3 0-0 9. Rc1 e5 10. d5 Ne8 11. Be2 f5 12. f3 Bf6 13. Qd2 Bh4+ 14. g3 f4 15. Bf2 Bg5 16. g4 Bh4 17. Bf1 b6 18. Kd1 a5 19. Bg1 Nb8 20. Bd3 Na6 21. Bc2 Nf6 22. Ba4 Nd7 23. Bc6 Rb8 24. Kc2 Nb4+ 25. Kb1 Nc5 26. Bxc5 bxc5 27. Bb5 Ra8 28. a3 Na6 29. Bc6 Rb8 30. Nb5 Rb6 31. Rhf1 Kg7 32. Qxa5 Nb8 33. Qd2 Nxc6 34. dxc6 Rxc6 35. Ka2 Rb6 36. Rfd1 Qb8 37. Rb1 Rd8 38. Qc2 c6 39. Nc3 Rb7 40. Rd3 Be7 41. Rbd1 Qc7 42. Ne2 Qb6 43. Nc1 Rbd7 44. b3 Qb7 45. Qb2 Kf7 46. Ne2 Qc7 47. Nc3 Ra8 48. Kb1 Rdd8 49. Kc2 Bh4 50. Kc1 Ke6 51. Na4 Be7 52. Kd2 Rdb8 53. Qc2 Bf8 54. Ke2 Qg7 55. Kf1 Be7 56. Kg2 Qf6 57. b4 cxb4 58. c5 Kf7 59. cxd6 Bd8 60. Qxc6 bxa3 61. Rxa3 Kg7 62. Rad3 h5 63. gxh5 Qg5+ 64. Kh1 Qxh5 65. Qc2 Kh6 66. Nc3 Bb6 67. Nd5 Bd4 68. Nxf4 Qh4 69. Ng2 Qh5 70. Qd2+ Kh7 71. d7 Rb2 72. Rxd4 Rxd2 73. R4xd2 Rd8 74. Rd3 Kg7 75. Kg1 Kf7 76. Rd5 Qh3 77. R1d3 Qe6 78. Ne3 Qc6 79. Ng4 Qc1+ 80. Kg2 Qc2+ 81. Rd2 Qc1 82. Nxe5+ Kf6 83. Nc6 1-0

[Event "Amsterdam Science Park op-A 2nd"]
[Site "Amsterdam"]
[Date "2012.07.18"]
[Round "5"]
[White "Pruijssers, Roeland"]
[Black "Arjun, Bharat"]
[Result "1-0"]
[WhiteElo "2525"]
[BlackElo "2250"]
[PlyCount "85"]
[EventDate "2012.07.14"]
[EventType "swiss"]
[EventRounds "9"]
[EventCountry "NED"]
[SourceTitle "CBM 149 Extra"]
[Source "ChessBase"]
[SourceDate "2012.08.24"]
[SourceVersion "1"]
[SourceVersionDate "2012.08.24"]
[SourceQuality "1"]

1. e4 c5 2. Nf3 d6 3. d4 cxd4 4. Nxd4 Nf6 5. Nc3 g6 6. Be3 Bg7 7. f3 0-0 8. Qd2 Nc6 9. Bc4 Bd7 10. 0-0-0 Rb8 11. Bb3 Na5 12. Kb1 b5 13. h4 Nc4 14. Bxc4 bxc4 15. Ka1 Qb6 16. Rb1 Qb4 17. h5 Rb6 18. hxg6 fxg6 19. Nde2 Ra6 20. Rhd1 Rb8 21. Bd4 Be6 22. g4 Rb5 23. Nc1 Rba5 24. a3 Qb8 25. g5 Nd7 26. Bxg7 Kxg7 27. N1a2 Bg8 28. Nd5 Bxd5 29. exd5 Qf8 30. Nb4 Qxf3 31. c3 Rb6 32. Rf1 Qg3 33. Rg1 Qh3 34. Rh1 Qg3 35. Rbg1 Qf3 36. Rf1 Qg3 37. Rfg1 Qf3 38. Rf1 Qg3 39. Rhg1 Qh3 40. Qf2 Qf5 41. Qh4 Qe5 42. Qh3 Nc5 43. Qh6+ 1-0